000 00610nam a22002177a 4500
003 UA-OsUOA
001 96320
007 ta
008 20130318b un ||||| |||| 00| 0 ukr d
090 _a821.161.1
_bЛ93
942 _cBK
040 _aUA-OsUOA
_brus
_cUA-OsUOA
_dUA-OsUOA
245 _aЛюди молчаливого подвига
_bочерки о разведчиках
300 _a398 с.
955 _a3
041 _arus
080 _a821.161.1
260 _aМ.
_bПолитиздат
_c1987
650 7 _a82 Література. Літературознавство
_2UDC
999 _c382562
_d382562